Plemiona lechickie - Statystyki

Ogólne statystyki
  • Ten quiz został rozwiązany 25 razy
  • Średni wynik to 6 z 19
Statystyki odpowiedzi
Plemię % Poprawnych
Polanie
96%
Wiślanie
88%
Ślężanie
63%
Mazowszanie
58%
Lędzianie
54%
Dziadoszanie
38%
Goplanie
38%
Opolanie
33%
Golęszyce
25%
Kujawianie
25%
Bobrzanie
21%
Sieradzanie
17%
Łęczycanie
13%
Polacy
13%
Trzebowianie
13%
Bieżuńczanie
4%
Głubczyce
4%
Plemiona polskie
4%
Wierzbianie
4%
Nie znaleziono quizów pasujących do podanych kryteriów
Rozkład punktacji
Procent ludzi z każdym wynikiem
Percentyl według liczby udzielonych odpowiedzi
Twoja historia wyników
Nie rozwiązałeś tego quizu